AFL stadiums with map - Statistics

General Stats
  • This quiz has been taken 60 times
  • The average score is 13 of 33
Answers on the Map
Answers color-coded by a green-red scale on the quiz's map according to % correct below.
 
Answer Stats
Answer Location Home teams Peak capacity Period used % Correct
Melbourne Cricket Ground Victoria Carlton, Collingwood, Essendon, Hawthorn, Melbourne, Richmond 100,000 1990-present
98%
Marvel Stadium Victoria Carlton, Essendon, North Melbourne, St Kilda, Western Bulldogs 53,400 2000-present
85%
Optus Stadium Western Australia West Coast, Fremantle 60,000 2018-present
79%
Sydney Cricket Ground New South Wales Sydney 48,000 1990-present
75%
The Gabba Queensland Brisbane 42,000 1991-present
75%
Adelaide Oval South Australia Adelaide, Port Adelaide 53,600 2011-present
71%
Carrara Stadium Queensland Gold Coast 25,000 1990-present
67%
Kardinia Park Victoria Geelong 40,000 1941-present
63%
ENGIE Stadium New South Wales GWS 25,000 2012-present
56%
TIO Stadium Northern Territory Gold Coast 12,000 2004-present
56%
Bellerive Oval Tasmania North Melbourne 20,000 2012-present
46%
York Park Tasmania Hawthorn 20,000 2001-present
44%
Mars Stadium Victoria Bulldogs 11,000 2017-present
42%
Manuka Oval ACT GWS 16,000 1998-present
40%
Norwood Oval South Australia None 15,000 2023-2025
35%
Subiaco Oval Western Australia West Coast, Fremantle 43,000 1990-2017
33%
Victoria Park Victoria Collingwood, Fitzroy?? 47,000 1990-1999
29%
Windy Hill Victoria Essendon 43,500 1990-1991
29%
IKON Park Victoria Carlton, Bulldogs, Fitzroy, Hawthorn 63,000 1990-2005
27%
Traeger Park Northern Territory Melbourne 10,000 2014-present
27%
Waverley Park Victoria Hawthorn, St Kilda 78,000 1990-1999
27%
Whitten Oval Victoria Bulldogs, Fitzroy 42,400 1990-1997
27%
Stadium Australia New South Wales Sydney 82,500 2002-2022
25%
Cazalys Stadium Queensland None 13,500 2011-2023
21%
Moorabbin Oval Victoria St Kilda 51,400 1990-1992
21%
WACA Ground Western Australia West Coast, Fremantle 35,000 1990-2000
21%
Football Park South Australia Adelaide, Port Adelaide 51,200 1991-2015
19%
Barossa Park South Australia None 5,000 2025
10%
Blacktown International Sportspark New South Wales GWS 10,000 2012
10%
North Hobart Oval Tasmania Fitzroy 18,000 1991-1992
10%
Bruce Stadium ACT None 25,000 1995
4%
Riverway Stadium Queensland None 13,500 2019
4%
Summit Sport and Recreational Park South Australia None 7,300 2023-2024
2%
No matching quizzes found
Score Distribution
Percent of People with Each Score
Percentile by Number Answered
Your Score History
You have not taken this quiz